Zengin baba yoksul baba/ (Record no. 43991)
| 000 -BAŞLIK | |
|---|---|
| Sabit Uzunluktaki Kontrol Alanı | 01617nam a22003617a 4500 |
| 001 - KONTROL NUMARASI | |
| Control Dosyası | 0044188 |
| 003 - KONTROL NUMARASI KİMLİĞİ | |
| Kontrol Alanı | KOHA_MİRAKIL |
| 005 - EN SON İŞLEM TARİHİ ve ZAMANI | |
| Kontrol Alanı | 20260207003417.0 |
| 007 - FİZİKSEL TANIM SABİT ALAN - GENEL BİLGİ | |
| Sabit uzunluklu kontrol alanı | ta |
| 008 - SABİT UZUNLUKTAKİ VERİ ÖGELERİ - GENEL BİLGİ | |
| Sabit Alan | 130730b2012 tu |||gr||||#||||0|tur | |
| 020 ## - ISBN - ULUSLARARASI STANDART KİTAP NUMARASI | |
| Isbn | 9789752976252 |
| 040 ## - KATALOGLAMA KAYNAĞI | |
| Özgün Kataloglama Kurumu | TR-BiSEU |
| Kataloglama Dili | tur |
| Çeviri Kurumu | TR-BiSEU |
| Açıklama Kuralları | rda |
| 041 0# - DİL KODU | |
| Metin ya da ses kaydının dil kodu | tur |
| 044 ## - YAYINLAYAN/ÜRETEN KURULUŞUN ÜLKE KODU | |
| ISO country code | tu |
| 050 ## - SINIFLAMA ve YER NUMARASI | |
| Sınıflama Numarası | HG179 |
| Yer Numarası | .K59 2012 |
| 100 1# - KİŞİ ADI | |
| Yazar Adı (Kişi adı) | Kiyosaki, Robert T.. |
| 245 1# - ESER ADI BİLDİRİMİ | |
| Başlık | Zengin baba yoksul baba/ |
| Sorumluluk Bildirimi | Robert T. Kiyosaki ; Robert T. Kiyosaki, Sharon L. Lechter ; çeviren Dilek Şendil. |
| 264 #1 - ÜRERİM, YAYIN, DAĞITIM ve TELİF BİLDİRİMİ | |
| Yayın yeri | İstanbul : |
| Yayınlayan | Alfa Basım Yayım Dağıtım |
| Yayın tarihi | 2012 |
| 300 ## - FİZİKSEL TANIMLAMA | |
| Sayfa, Cilt vb. | 260 sayfa ; |
| Boyutları | 23 cm. |
| 336 ## - İÇERİK TÜRÜ | |
| Content type term | metin |
| Content type code | txt |
| Source | rdacontent |
| 337 ## - MEDYA TÜRÜ | |
| Media type term | aracısız |
| Media type code | n |
| Source | rdamedia |
| 338 ## - TAŞIYICI TÜRÜ | |
| Carrier type term | cilt |
| Carrier type code | nc |
| Source | rdacarrier |
| 490 1# - DİZİ BİLDİRİMİ | |
| Dizi Bildirimi | Alfa Yayınları ; |
| Cilt Numarası | 1600. |
| 490 1# - DİZİ BİLDİRİMİ | |
| Dizi Bildirimi | Finansal Gelişim ;28. |
| 505 ## - İÇİNDEKİLER NOTU | |
| İçindekiler Notu | Teşekkürler 7 |
| 650 #0 - KONU BAŞLIĞI EK GİRİŞ - KONU TERİMİ | |
| Konusal terim veya coğrafi ad | Finance, Personal. |
| 9 (RLIN) | 11451 |
| 650 #0 - KONU BAŞLIĞI EK GİRİŞ - KONU TERİMİ | |
| Konusal terim veya coğrafi ad | Maliye, Personel. |
| 9 (RLIN) | 82393 |
| 650 #0 - KONU BAŞLIĞI EK GİRİŞ - KONU TERİMİ | |
| Konusal terim veya coğrafi ad | Investments. |
| 9 (RLIN) | 16077 |
| 650 #0 - KONU BAŞLIĞI EK GİRİŞ - KONU TERİMİ | |
| Konusal terim veya coğrafi ad | Yatırımlar. |
| 9 (RLIN) | 5792 |
| 830 1# - SERİ EK GİRİŞİ - TEKBİÇİM ESER ADI | |
| Tekbiçim Başlık | Alfa Yayınları ; |
| Volume number/sequential designation | 1600. |
| 9 (RLIN) | 4057 |
| 830 1# - SERİ EK GİRİŞİ - TEKBİÇİM ESER ADI | |
| Tekbiçim Başlık | Finansal Gelişim ;28. |
| 9 (RLIN) | 82394 |
| 942 ## - EK GİRİŞ ÖGELERİ (KOHA) | |
| Source of classification or shelving scheme | Library of Congress Classification |
| Koha item type | Book |
| 505 ## - İÇİNDEKİLER NOTU | |
| -- | Giriş 9 |
| -- | Dersler |
| -- | I Zengin Baba, Yoksul Baba 25 |
| -- | II Zenginler Para İçin Çalışmaz 35 |
| -- | III Ders 2 |
| -- | Finans Bilgilerini Neden Öğretelim? 75 |
| -- | IV Ders 3 |
| -- | Kendi İşineze Bakın 111 |
| -- | V Ders 4 |
| -- | Verginin Tarihçesi ve Şirketlerin Gücü 123 |
| -- | VI Ders 5 |
| -- | Zengiler Parayı Bulur 139 |
| -- | VII Ders 6 |
| -- | Öğrenmek için Çalışın Para için Çalışmayın 167 |
| -- | Başlangıçlar |
| -- | VIII Enngelleri Aşmak 187 |
| -- | IX İşe Koyulmak 209 |
| -- | X Daha Fazlasını mı İstiyoruz? 239 |
| -- | Sonsöz 249 |
| -- | Harekete Geçin 253 |
| -- | |
| Materyal Türü | Kalıcı Konum | Mevcut Konum | Raf Yeri | Sınıflandırma Kaynağı | Edinim Bilgisi | Ana Konular | Alt Konular | Yer Numarası | Demirbaş Numarası | Fatura Tarihi | Maliyet, Alış Fiyatı | Maliyet, Yenileme Fiyatı | Geri Çekilme Durumu | Kayıp Durumu | Hasarlı Durumu | Kredi için değil | Kayıt Tarih | Toplam Ödünçverme | Son Görülme Tarihi | Son Kontrol Tarihi | Satın Alma Notu |
|---|---|---|---|---|---|---|---|---|---|---|---|---|---|---|---|---|---|---|---|---|---|
| Book | Prof. Dr. Azmi Özcan Kütüphanesi | Prof. Dr. Azmi Özcan Kütüphanesi | Uluğbey Salonu | Library of Congress Classification | Satın | SOSYAL BİLİMLER | Finans | HG179 .K59 2012 | 0044188 | 24/09/2013 | 10.30 | 10.30 | 30/07/2013 | 27 | 02/06/2025 | 02/06/2025 | 73291-73383 (92 sayfa) |
